[Event "WCO2014"]
[Site "Tromso"]
[Date "2014.08.11"]
[Round "9.7"]
[WhiteID "7103743"]
[White "Ali Lutfi Muhammad"]
[BlackID "8602425"]
[Black "Gong Qianyun"]
[Result "1-0"]
[LiveChessVersion "1.4.3"]
[BlackElo "2328"]
[WhiteElo "2339"]

1. e4 {[%clk 1:30:57]} e6 {[%clk 1:30:53]} 2. d4 {[%clk 1:31:23]} d5
{[%clk 1:31:19]} 3. Nd2 {[%clk 1:31:41]} h6 {[%clk 1:31:17]} 4. Ngf3
{[%clk 1:31:59]} Nf6 {[%clk 1:31:42]} 5. Bd3 {[%clk 1:32:10]} c5 {[%clk 1:31:50]}
6. e5 {[%clk 1:32:25]} Nfd7 {[%clk 1:32:15]} 7. c3 {[%clk 1:32:40]} Nc6
{[%clk 1:32:37]} 8. a3 {[%clk 1:32:58]} a5 {[%clk 1:32:12]} 9. O-O
{[%clk 1:32:52]} g5 {[%clk 1:21:03]} 10. dxc5 {[%clk 1:30:19]} Bxc5
{[%clk 1:21:23]} 11. Nb3 {[%clk 1:19:23]} Bf8 {[%clk 1:21:45]} 12. Re1
{[%clk 1:10:22]} Bg7 {[%clk 1:18:09]} 13. Bb5 {[%clk 0:57:24]} O-O
{[%clk 1:04:20]} 14. Bxc6 {[%clk 0:53:23]} bxc6 {[%clk 1:04:45]} 15. Qd4
{[%clk 0:53:31]} f6 {[%clk 0:36:33]} 16. exf6 {[%clk 0:51:48]} e5
{[%clk 0:36:53]} 17. Nxe5 {[%clk 0:45:09]} Bxf6 {[%clk 0:36:44]} 18. f4
{[%clk 0:44:45]} Qe7 {[%clk 0:25:40]} 19. Qd3 {[%clk 0:42:29]} Bxe5
{[%clk 0:23:35]} 20. fxe5 {[%clk 0:31:45]} Nxe5 {[%clk 0:23:53]} 21. Qg3
{[%clk 0:31:41]} Qf6 {[%clk 0:17:16]} 22. Bxg5 {[%clk 0:30:41]} Nf3+
{[%clk 0:17:39]} 23. gxf3 {[%clk 0:30:51]} Qxg5 {[%clk 0:18:03]} 24. Qxg5+
{[%clk 0:18:14]} hxg5 {[%clk 0:18:31]} 25. Re5 {[%clk 0:15:46]} Rxf3
{[%clk 0:16:11]} 26. Nd4 {[%clk 0:15:06]} Rf6 {[%clk 0:16:33]} 27. Rxg5+
{[%clk 0:13:35]} Kf7 {[%clk 0:16:50]} 28. Re1 {[%clk 0:13:31]} Bh3
{[%clk 0:16:41]} 29. Rg3 {[%clk 0:13:47]} Bd7 {[%clk 0:14:41]} 30. Nf3
{[%clk 0:13:59]} Kf8 {[%clk 0:12:00]} 31. Ne5 {[%clk 0:11:08]} Be8
{[%clk 0:12:09]} 32. Rg5 {[%clk 0:11:33]} Rb8 {[%clk 0:10:09]} 33. Ng4
{[%clk 0:11:17]} Rf4 {[%clk 0:08:55]} 34. Re2 {[%clk 0:11:07]} a4
{[%clk 0:06:27]} 35. Kg2 {[%clk 0:10:00]} Rb7 {[%clk 0:02:06]} 36. h3
{[%clk 0:05:44]} Bf7 {[%clk 0:01:47]} 37. Rge5 {[%clk 0:05:28]} Bg6
{[%clk 0:01:18]} 38. Kg3 {[%clk 0:04:52]} Rf1 {[%clk 0:01:16]} 39. Re6
{[%clk 0:05:14]} Be4 {[%clk 0:01:34]} 40. Rxc6 {[%clk 0:03:43]} Rb1
{[%clk 0:00:53]} 41. Rf6+ {[%clk 0:03:14]} Kg7 {[%clk 0:01:18]} 42. Rff2
{[%clk 0:03:30]} Kg6 {[%clk 0:28:12]} 43. Kf4 {[%clk 0:31:20]} Rh7
{[%clk 0:27:29]} 44. Rh2 {[%clk 0:30:27]} Rh5 {[%clk 0:23:40]} 45. Ke3
{[%clk 0:29:50]} Rg1 {[%clk 0:19:46]} 46. Nf2 {[%clk 0:27:34]} Rg3+
{[%clk 0:20:06]} 47. Kd4 {[%clk 0:26:58]} Bg2 {[%clk 0:20:23]} 48. h4
{[%clk 0:25:16]} Bf1 {[%clk 0:18:16]} 49. Re3 {[%clk 0:25:07]} Rxe3
{[%clk 0:17:50]} 50. Kxe3 {[%clk 0:25:34]} Re5+ {[%clk 0:18:19]} 51. Kf4
{[%clk 0:25:06]} Rf5+ {[%clk 0:17:49]} 52. Kg3 {[%clk 0:25:06]} Be2
{[%clk 0:16:59]} 53. Nh3 {[%clk 0:22:17]} Rf3+ {[%clk 0:17:09]} 54. Kg2
{[%clk 0:22:42]} Rf8 {[%clk 0:17:31]} 55. Ng5 {[%clk 0:22:52]} Bc4
{[%clk 0:12:04]} 56. Kg3 {[%clk 0:23:10]} Rf1 {[%clk 0:12:23]} 57. Rf2
{[%clk 0:22:32]} Rg1+ {[%clk 0:12:22]} 58. Kf4 {[%clk 0:22:16]} Kh5
{[%clk 0:11:49]} 59. Rh2 {[%clk 0:21:45]} Re1 {[%clk 0:11:28]} 60. Nf3
{[%clk 0:19:08]} Re4+ {[%clk 0:11:43]} 61. Kg3 {[%clk 0:19:19]} Rg4+
{[%clk 0:09:36]} 62. Kf2 {[%clk 0:19:44]} Rf4 {[%clk 0:10:04]} 63. Rg2
{[%clk 0:19:24]} Re4 {[%clk 0:10:06]} 64. Rg5+ {[%clk 0:19:49]} Kh6
{[%clk 0:10:35]} 65. Re5 {[%clk 0:20:07]} Rg4 {[%clk 0:10:21]} 66. Nd4
{[%clk 0:19:25]} Rf4+ {[%clk 0:10:08]} 67. Kg3 {[%clk 0:19:49]} Rf1
{[%clk 0:09:13]} 68. Nf5+ {[%clk 0:20:10]} Kg6 {[%clk 0:09:31]} 69. Ne3
{[%clk 0:20:21]} Rg1+ {[%clk 0:09:14]} 70. Kf2 {[%clk 0:20:44]} Rb1
{[%clk 0:08:43]} 71. Nxc4 {[%clk 0:21:10]} dxc4 {[%clk 0:09:11]} 72. Rb5
{[%clk 0:21:34]} Rh1 {[%clk 0:08:55]} 73. h5+ {[%clk 0:21:57]} Kh6
{[%clk 0:09:17]} 74. Kg2 {[%clk 0:21:52]} Rd1 {[%clk 0:09:35]} 75. Kf3
{[%clk 0:21:44]} Rd2 {[%clk 0:09:51]} 76. Ke4 {[%clk 0:21:53]} Rd1
{[%clk 0:09:37]} 77. Rd5 {[%clk 0:21:53]} Rb1 {[%clk 0:09:37]} 78. Rd2
{[%clk 0:22:19]} Rh1 {[%clk 0:09:47]} 79. Kd5 {[%clk 0:22:45]} Rh4
{[%clk 0:10:02]} 80. Kc5 {[%clk 0:23:06]} Kxh5 {[%clk 0:09:56]} 81. Rg2
{[%clk 0:23:32]} 1-0

[Event "WCO2014"]
[Site "Tromso"]
[Date "2014.08.11"]
[Round "9.31"]
[WhiteID "5201381"]
[White "Gomez John Paul"]
[BlackID "7800088"]
[Black "Mirza Shahzad"]
[Result "1-0"]
[LiveChessVersion "1.4.3"]
[BlackElo "2268"]
[WhiteElo "2526"]

1. d4 {[%clk 1:30:56]} Nf6 {[%clk 1:29:48]} 2. c4 {[%clk 1:31:21]} e6
{[%clk 1:30:12]} 3. Nc3 {[%clk 1:31:47]} Bb4 {[%clk 1:30:30]} 4. e3
{[%clk 1:32:11]} b6 {[%clk 1:29:46]} 5. Nge2 {[%clk 1:32:35]} Bb7
{[%clk 1:29:44]} 6. a3 {[%clk 1:32:58]} Be7 {[%clk 1:27:08]} 7. Nf4
{[%clk 1:32:58]} d6 {[%clk 1:25:10]} 8. d5 {[%clk 1:31:56]} e5 {[%clk 1:23:59]}
9. Nd3 {[%clk 1:32:17]} a5 {[%clk 1:21:55]} 10. b3 {[%clk 1:31:43]} Na6
{[%clk 1:16:03]} 11. Bb2 {[%clk 1:32:09]} O-O {[%clk 1:16:00]} 12. Be2
{[%clk 1:32:01]} Nd7 {[%clk 1:12:41]} 13. b4 {[%clk 1:30:39]} axb4
{[%clk 1:12:58]} 14. axb4 {[%clk 1:30:59]} f5 {[%clk 1:13:13]} 15. Qb3
{[%clk 1:31:06]} Nf6 {[%clk 1:08:07]} 16. O-O {[%clk 1:29:59]} g5
{[%clk 1:04:07]} 17. f4 {[%clk 1:30:08]} gxf4 {[%clk 0:55:33]} 18. exf4
{[%clk 1:30:32]} e4 {[%clk 0:55:23]} 19. Ne1 {[%clk 1:29:42]} Nb8
{[%clk 0:55:28]} 20. Rxa8 {[%clk 1:29:42]} Bxa8 {[%clk 0:55:55]} 21. Nc2
{[%clk 1:30:03]} c5 {[%clk 0:44:54]} 22. Ne3 {[%clk 1:24:18]} Ne8
{[%clk 0:43:21]} 23. g4 {[%clk 1:24:34]} Ng7 {[%clk 0:43:03]} 24. gxf5
{[%clk 1:23:20]} Bf6 {[%clk 0:38:09]} 25. Nxe4 {[%clk 1:23:37]} Bd4
{[%clk 0:37:58]} 26. Bxd4 {[%clk 1:22:43]} cxd4 {[%clk 0:38:26]} 27. f6
{[%clk 1:23:01]} dxe3 {[%clk 0:34:20]} 28. fxg7 {[%clk 1:22:49]} Rf7
{[%clk 0:33:42]} 29. Qxe3 {[%clk 1:21:33]} Rxg7+ {[%clk 0:33:06]} 30. Kh1
{[%clk 1:21:34]} b5 {[%clk 0:31:30]} 31. Rg1 {[%clk 1:19:16]} bxc4
{[%clk 0:31:45]} 32. Rxg7+ {[%clk 1:19:07]} Kxg7 {[%clk 0:32:06]} 33. Qd4+
{[%clk 1:19:18]} Kh6 {[%clk 0:29:11]} 34. Bxc4 {[%clk 1:19:40]} Nd7
{[%clk 0:27:43]} 35. Qe3 {[%clk 1:15:59]} Qe7 {[%clk 0:20:34]} 36. Ng3
{[%clk 1:09:22]} Qf6 {[%clk 0:14:00]} 37. f5+ {[%clk 1:09:10]} Qg5
{[%clk 0:14:20]} 38. Qe6+ {[%clk 1:09:27]} Nf6 {[%clk 0:13:32]} 39. Ne4
{[%clk 1:08:52]} Qc1+ {[%clk 0:13:28]} 40. Kg2 {[%clk 1:09:19]} Qc2+
{[%clk 0:13:06]} 41. Kh3 {[%clk 1:09:40]} Qxe4 {[%clk 0:13:07]} 42. Qxf6+
{[%clk 1:10:06]} Kh5 {[%clk 0:13:10]} 43. Be2+ {[%clk 1:10:31]} 1-0

[Event "WCO2014"]
[Site "Tromso"]
[Date "2014.08.11"]
[Round "9.48"]
[WhiteID "6400361"]
[White "Munoz Santana Jose Lisandro"]
[BlackID "2800020"]
[Black "Gruenfeld Yehuda"]
[Result "1-0"]
[LiveChessVersion "1.4.3"]
[BlackElo "2448"]
[WhiteElo "2438"]

1. e4 {[%clk 1:30:54]} c5 {[%clk 1:30:47]} 2. Nf3 {[%clk 1:31:18]} d6
{[%clk 1:31:10]} 3. Bb5+ {[%clk 1:31:39]} Nd7 {[%clk 1:29:57]} 4. O-O
{[%clk 1:30:54]} Ngf6 {[%clk 1:28:58]} 5. Re1 {[%clk 1:29:13]} a6
{[%clk 1:29:23]} 6. Bf1 {[%clk 1:28:20]} g6 {[%clk 1:24:50]} 7. c3
{[%clk 1:28:15]} Bg7 {[%clk 1:25:11]} 8. d4 {[%clk 1:28:32]} Qc7 {[%clk 1:17:32]}
9. e5 {[%clk 1:16:41]} dxe5 {[%clk 1:17:51]} 10. dxe5 {[%clk 1:17:01]} Ng4
{[%clk 1:17:51]} 11. e6 {[%clk 1:13:17]} fxe6 {[%clk 1:17:29]} 12. h3
{[%clk 1:13:03]} Ngf6 {[%clk 1:16:23]} 13. Rxe6 {[%clk 1:01:58]} Nb6
{[%clk 1:12:22]} 14. Re1 {[%clk 1:01:19]} O-O {[%clk 1:11:31]} 15. Nbd2
{[%clk 0:58:25]} Kh8 {[%clk 1:11:10]} 16. a4 {[%clk 0:47:53]} Bd7
{[%clk 1:00:40]} 17. Nc4 {[%clk 0:34:45]} Nxc4 {[%clk 0:50:16]} 18. Bxc4
{[%clk 0:35:08]} b5 {[%clk 0:50:17]} 19. axb5 {[%clk 0:34:58]} axb5
{[%clk 0:50:24]} 20. Rxa8 {[%clk 0:35:16]} Rxa8 {[%clk 0:50:50]} 21. Bf7
{[%clk 0:32:43]} Be8 {[%clk 0:38:21]} 22. Bxe8 {[%clk 0:30:21]} Rxe8
{[%clk 0:37:49]} 23. Ng5 {[%clk 0:25:17]} e5 {[%clk 0:33:04]} 24. Qb3
{[%clk 0:25:11]} h6 {[%clk 0:33:26]} 25. Ne6 {[%clk 0:21:47]} Qc6
{[%clk 0:33:24]} 26. Nxg7 {[%clk 0:22:01]} Kxg7 {[%clk 0:33:49]} 27. c4
{[%clk 0:19:13]} bxc4 {[%clk 0:32:53]} 28. Qxc4 {[%clk 0:19:41]} Qd5
{[%clk 0:31:43]} 29. Qa6 {[%clk 0:18:35]} g5 {[%clk 0:29:02]} 30. Be3
{[%clk 0:17:47]} Ra8 {[%clk 0:28:19]} 31. Qb5 {[%clk 0:17:38]} c4
{[%clk 0:27:53]} 32. Qb4 {[%clk 0:15:21]} Qa5 {[%clk 0:24:17]} 33. Qe7+
{[%clk 0:15:07]} Kg6 {[%clk 0:24:40]} 34. Rd1 {[%clk 0:15:10]} Re8
{[%clk 0:24:01]} 35. Qb7 {[%clk 0:15:02]} Rd8 {[%clk 0:07:16]} 36. Rc1
{[%clk 0:11:29]} Qa4 {[%clk 0:07:38]} 37. Kh2 {[%clk 0:10:35]} Nd5
{[%clk 0:07:25]} 38. Bd2 {[%clk 0:04:35]} c3 {[%clk 0:02:51]} 39. Rxc3
{[%clk 0:02:16]} Nxc3 {[%clk 0:02:40]} 40. Qb6+ {[%clk 0:02:39]} Kf7
{[%clk 0:01:33]} 41. Qxd8 {[%clk 0:03:00]} Ne4 {[%clk 0:01:39]} 42. Qd5+
{[%clk 0:30:26]} Kg6 {[%clk 0:29:08]} 43. Qe6+ {[%clk 0:28:10]} Kh7
{[%clk 0:28:08]} 44. Qf5+ {[%clk 0:27:29]} 1-0

[Event "WCO2014"]
[Site "Tromso"]
[Date "2014.08.11"]
[Round "9.45"]
[WhiteID "14201038"]
[White "Anarkulov Alisher"]
[BlackID "6401783"]
[Black "Polanco Nunez Yoel Estarling"]
[Result "0-1"]
[LiveChessVersion "1.4.3"]
[BlackElo "2157"]
[WhiteElo "2222"]

1. e4 {[%clk 1:30:51]} c5 {[%clk 1:30:59]} 2. Nf3 {[%clk 1:31:13]} d6
{[%clk 1:31:28]} 3. Bb5+ {[%clk 1:31:33]} Nd7 {[%clk 1:31:56]} 4. c3
{[%clk 1:31:12]} Ngf6 {[%clk 1:32:23]} 5. Qe2 {[%clk 1:30:31]} a6
{[%clk 1:30:28]} 6. Bxd7+ {[%clk 1:30:25]} Bxd7 {[%clk 1:29:49]} 7. O-O
{[%clk 1:28:38]} e6 {[%clk 1:28:00]} 8. Rd1 {[%clk 1:27:16]} Bc6 {[%clk 1:27:42]}
9. e5 {[%clk 1:15:33]} Nd7 {[%clk 1:20:37]} 10. d4 {[%clk 1:14:58]} d5
{[%clk 1:08:47]} 11. Nbd2 {[%clk 1:12:08]} Be7 {[%clk 1:08:53]} 12. Nf1
{[%clk 1:12:05]} Bb5 {[%clk 1:06:37]} 13. Qe3 {[%clk 1:09:06]} Bxf1
{[%clk 1:05:59]} 14. Rxf1 {[%clk 1:08:48]} O-O {[%clk 1:05:35]} 15. h3
{[%clk 1:08:35]} b5 {[%clk 1:04:41]} 16. Nh2 {[%clk 0:56:34]} Qb6
{[%clk 1:04:58]} 17. Qg3 {[%clk 0:41:40]} Kh8 {[%clk 0:52:38]} 18. Nf3
{[%clk 0:37:29]} cxd4 {[%clk 0:48:31]} 19. cxd4 {[%clk 0:35:38]} Rac8
{[%clk 0:48:33]} 20. Be3 {[%clk 0:35:44]} Rc2 {[%clk 0:48:11]} 21. b3
{[%clk 0:35:22]} Rfc8 {[%clk 0:46:18]} 22. Rfd1 {[%clk 0:31:38]} b4
{[%clk 0:42:30]} 23. Ne1 {[%clk 0:28:54]} R2c3 {[%clk 0:40:23]} 24. Nd3
{[%clk 0:28:23]} Nf8 {[%clk 0:36:18]} 25. Qf4 {[%clk 0:22:00]} Kg8
{[%clk 0:36:31]} 26. Nc5 {[%clk 0:19:40]} Ng6 {[%clk 0:35:41]} 27. Qg4
{[%clk 0:19:23]} Qb5 {[%clk 0:26:06]} 28. Na4 {[%clk 0:17:12]} Rc2
{[%clk 0:25:58]} 29. Bd2 {[%clk 0:16:54]} Nh4 {[%clk 0:25:01]} 30. Bg5
{[%clk 0:13:01]} Bxg5 {[%clk 0:23:17]} 31. Qxg5 {[%clk 0:13:24]} Nf5
{[%clk 0:23:28]} 32. Qf4 {[%clk 0:06:09]} Qe2 {[%clk 0:21:13]} 33. Nc5
{[%clk 0:05:45]} Nxd4 {[%clk 0:19:23]} 34. Rxd4 {[%clk 0:05:42]} R2xc5
{[%clk 0:09:20]} 35. Rxb4 {[%clk 0:06:02]} h6 {[%clk 0:06:55]} 36. Ra4
{[%clk 0:05:15]} Rc2 {[%clk 0:05:46]} 37. b4 {[%clk 0:03:06]} R8c4
{[%clk 0:05:26]} 38. Qg3 {[%clk 0:03:23]} R2c3 {[%clk 0:04:45]} 39. f3
{[%clk 0:02:54]} Rc1+ {[%clk 0:03:21]} 40. Rxc1 {[%clk 0:03:19]} Rxc1+
{[%clk 0:03:49]} 41. Kh2 {[%clk 0:03:39]} Qd1 {[%clk 0:04:17]} 42. Qh4
{[%clk 0:01:45]} Qh1+ {[%clk 0:03:11]} 0-1

[Event "WCO2014"]
[Site "Tromso"]
[Date "2014.08.11"]
[Round "9.37"]
[WhiteID "20500220"]
[White "Gerrard Mphungt"]
[BlackID "15700356"]
[Black "Altaye Girum Teklewold"]
[Result "1-0"]
[LiveChessVersion "1.4.3"]
[BlackElo "1960"]
[WhiteElo "1930"]

1. d4 {[%clk 1:30:24]} d5 {[%clk 1:30:51]} 2. c4 {[%clk 1:30:48]} e6
{[%clk 1:31:14]} 3. Nc3 {[%clk 1:31:16]} Nf6 {[%clk 1:31:30]} 4. Bg5
{[%clk 1:31:41]} Be7 {[%clk 1:31:46]} 5. e3 {[%clk 1:32:05]} O-O {[%clk 1:32:02]}
6. Nf3 {[%clk 1:32:20]} Re8 {[%clk 1:32:04]} 7. Rc1 {[%clk 1:32:03]} h6
{[%clk 1:31:10]} 8. Bf4 {[%clk 1:30:25]} c6 {[%clk 1:31:09]} 9. Bd3
{[%clk 1:29:32]} dxc4 {[%clk 1:29:50]} 10. Bxc4 {[%clk 1:29:56]} Bd6
{[%clk 1:29:53]} 11. Bxd6 {[%clk 1:22:04]} Qxd6 {[%clk 1:30:07]} 12. O-O
{[%clk 1:22:22]} Nbd7 13. Qc2 {[%clk 1:17:40]} e5 {[%clk 1:21:56]} 14. Qb3
{[%clk 1:09:41]} Re7 {[%clk 1:20:43]} 15. Rfd1 {[%clk 0:58:10]} e4
{[%clk 1:20:14]} 16. Nd2 {[%clk 0:55:19]} Nb6 {[%clk 1:19:04]} 17. Be2
{[%clk 0:49:31]} Be6 {[%clk 1:18:25]} 18. Qc2 {[%clk 0:46:57]} Bd5
{[%clk 1:17:19]} 19. Nxd5 {[%clk 0:43:31]} Qxd5 {[%clk 1:16:34]} 20. b4
{[%clk 0:40:43]} Qg5 {[%clk 1:16:22]} 21. Qc5 {[%clk 0:37:00]} Nbd5
{[%clk 1:14:00]} 22. a4 {[%clk 0:33:55]} Re6 {[%clk 1:09:56]} 23. b5
{[%clk 0:32:09]} Ng4 {[%clk 0:57:40]} 24. Bxg4 {[%clk 0:28:12]} Qxg4
{[%clk 0:57:18]} 25. bxc6 {[%clk 0:26:53]} bxc6 {[%clk 0:53:37]} 26. Nc4
{[%clk 0:25:21]} Rg6 {[%clk 0:46:55]} 27. g3 {[%clk 0:25:30]} Qh3
{[%clk 0:46:52]} 28. Ne5 {[%clk 0:21:59]} Re6 {[%clk 0:41:55]} 29. Nxc6
{[%clk 0:21:23]} Nf6 {[%clk 0:41:53]} 30. Ne7+ {[%clk 0:17:00]} Rxe7
{[%clk 0:38:14]} 31. Qxe7 {[%clk 0:17:13]} Ng4 {[%clk 0:38:35]} 32. Qh4
{[%clk 0:17:33]} Qxh4 {[%clk 0:31:13]} 33. gxh4 {[%clk 0:17:56]} Rb8
{[%clk 0:31:03]} 34. Rb1 {[%clk 0:18:21]} Rc8 {[%clk 0:31:07]} 35. Rdc1
{[%clk 0:18:48]} Rd8 {[%clk 0:31:30]} 36. Rb7 {[%clk 0:19:15]} Rd5
{[%clk 0:31:43]} 37. Rc5 {[%clk 0:18:42]} Rd6 {[%clk 0:31:08]} 38. h3
{[%clk 0:19:10]} Nf6 {[%clk 0:30:01]} 39. Rxa7 {[%clk 0:19:15]} Nd5
{[%clk 0:28:19]} 40. a5 {[%clk 0:18:24]} Nb4 {[%clk 0:28:31]} 41. Rf5
{[%clk 0:15:16]} Nd3 {[%clk 0:18:51]} 42. Rfxf7 {[%clk 0:14:21]} Ne1
{[%clk 0:17:07]} 43. Rxg7+ {[%clk 0:12:46]} Kf8 {[%clk 0:17:28]} 44. Rgd7
{[%clk 0:11:39]} Nf3+ {[%clk 0:14:59]} 45. Kh1 {[%clk 0:11:42]} 1-0

[Event "WCO2014"]
[Site "Tromso"]
[Date "2014.08.11"]
[Round "9.33"]
[WhiteID "13202340"]
[White "Lee Jun Hyeok"]
[BlackID "1007220"]
[Black "Croes Octavio"]
[Result "1-0"]
[LiveChessVersion "1.4.3"]
[BlackElo "1892"]
[WhiteElo "1884"]

1. d4 {[%clk 1:30:58]} Nf6 {[%clk 1:30:55]} 2. c4 {[%clk 1:31:26]} e6
{[%clk 1:31:19]} 3. Nc3 {[%clk 1:31:49]} Bb4 {[%clk 1:31:46]} 4. e3
{[%clk 1:32:19]} O-O {[%clk 1:32:02]} 5. Nge2 {[%clk 1:32:45]} d5
{[%clk 1:29:56]} 6. a3 {[%clk 1:33:08]} Be7 {[%clk 1:24:44]} 7. cxd5
{[%clk 1:33:20]} exd5 {[%clk 1:25:05]} 8. Nf4 {[%clk 1:33:42]} c6
{[%clk 1:24:54]} 9. Bd3 {[%clk 1:34:04]} Re8 {[%clk 1:22:29]} 10. O-O
{[%clk 1:34:26]} Bd6 {[%clk 1:21:58]} 11. f3 {[%clk 1:34:44]} Qb6
{[%clk 1:19:16]} 12. Bc2 {[%clk 1:30:07]} Nbd7 {[%clk 1:14:12]} 13. e4
{[%clk 1:26:31]} dxe4 {[%clk 1:14:23]} 14. fxe4 {[%clk 1:26:31]} Nf8
{[%clk 1:11:49]} 15. Na4 {[%clk 1:23:10]} Qc7 {[%clk 1:11:59]} 16. e5
{[%clk 1:22:45]} Bxe5 {[%clk 1:12:15]} 17. dxe5 {[%clk 1:23:13]} Qxe5
{[%clk 1:12:32]} 18. Qf3 {[%clk 1:18:56]} Bg4 {[%clk 1:08:58]} 19. Qf2
{[%clk 1:19:18]} Ne4 {[%clk 1:01:21]} 20. Bxe4 {[%clk 1:19:00]} Qxe4
{[%clk 1:01:28]} 21. Nc3 {[%clk 1:18:55]} Qc4 {[%clk 1:00:34]} 22. h3
{[%clk 1:16:05]} Bf5 {[%clk 0:50:59]} 23. Nfd5 {[%clk 1:08:40]} cxd5
{[%clk 0:38:01]} 24. Qxf5 {[%clk 1:09:00]} d4 {[%clk 0:37:48]} 25. Nd5
{[%clk 1:07:11]} f6 {[%clk 0:36:03]} 26. Bh6 {[%clk 1:02:11]} Re6
{[%clk 0:28:50]} 27. Rac1 {[%clk 1:00:52]} Qb3 {[%clk 0:27:07]} 28. Rc7
{[%clk 1:00:31]} g6 {[%clk 0:23:58]} 29. Qxe6+ {[%clk 1:00:56]} Nxe6
{[%clk 0:23:57]} 30. Nxf6+ {[%clk 1:01:24]} 1-0